<?xml version="1.0" encoding="UTF-8"?><?xml-stylesheet type="text/xsl" href="static/style.xsl"?><OAI-PMH xmlns="http://www.openarchives.org/OAI/2.0/" xmlns:xsi="http://www.w3.org/2001/XMLSchema-instance" xsi:schemaLocation="http://www.openarchives.org/OAI/2.0/ http://www.openarchives.org/OAI/2.0/OAI-PMH.xsd"><responseDate>2026-06-03T11:44:34Z</responseDate><request verb="GetRecord" identifier="oai:riuma.uma.es:10630/12695" metadataPrefix="marc">https://riuma.uma.es/rest/oai/request</request><GetRecord><record><header><identifier>oai:riuma.uma.es:10630/12695</identifier><datestamp>2026-02-03T12:08:08Z</datestamp><setSpec>com_10630_2254</setSpec><setSpec>col_10630_37959</setSpec></header><metadata><record xmlns="http://www.loc.gov/MARC21/slim" xmlns:dcterms="http://purl.org/dc/terms/" xmlns:doc="http://www.lyncode.com/xoai" xmlns:xsi="http://www.w3.org/2001/XMLSchema-instance" xsi:schemaLocation="http://www.loc.gov/MARC21/slim http://www.loc.gov/standards/marcxml/schema/MARC21slim.xsd">
   <leader>00925njm 22002777a 4500</leader>
   <datafield ind2=" " ind1=" " tag="042">
      <subfield code="a">dc</subfield>
   </datafield>
   <datafield ind2=" " ind1=" " tag="720">
      <subfield code="a">Rogero Anaya, Julio</subfield>
      <subfield code="e">author</subfield>
   </datafield>
   <datafield ind2=" " ind1=" " tag="260">
      <subfield code="c">2017-01-17</subfield>
   </datafield>
   <datafield ind2=" " ind1=" " tag="520">
      <subfield code="a">La condición humana está marcada por su precariedad en el vivir. Desde su nacimiento solo puede sobrevivir si es cuidado y acogido. Entre las dimensiones de su existencia está el cuidado esencial. Se plasma en la convivencia social, fundamentada en la “biología del amor”, donde se construye la comunidad del cuidado más allá de los sistemas de cuidados instituidos. En el mundo simbólico socialmente construido se ha asignado a la mujer la tarea de la reproducción y de los cuidados. Es necesario hacer realidad que el cuidado mutuo es una tarea humana asignada a todos y cada uno en el proceso de la vida compartida. Somos seres en relación. El espacio y el tiempo escolar, construido y vivido como el espacio y el tiempo de vida y de aprendizaje, es el lugar idóneo de la experimentación del cuidado mutuo.</subfield>
   </datafield>
   <datafield ind1="8" ind2=" " tag="024">
      <subfield code="a">http://hdl.handle.net/10630/12695</subfield>
   </datafield>
   <datafield tag="653" ind2=" " ind1=" ">
      <subfield code="a">Cuidado de personas</subfield>
   </datafield>
   <datafield ind2="0" ind1="0" tag="245">
      <subfield code="a">Variable y categorías relacionadas con la teoría del cuidado</subfield>
   </datafield>
</record>
</metadata></record></GetRecord></OAI-PMH>